La Apertura de México al Pacífico /
محفوظ في:
| مؤلفون مشاركون: | , |
|---|---|
| التنسيق: | نص |
| منشور في: |
México:
Secretaría de Relaciones Exteriores
|
| الوسوم: |
إضافة وسم
لا توجد وسوم, كن أول من يضع وسما على هذه التسجيلة!
|
MARC
| LEADER | 00000 a a2200000 04500 | ||
|---|---|---|---|
| 001 | 23809 | ||
| 003 | |||
| 040 | |||
| 090 | |a 169000 | ||
| 110 | |a Instituto Matías Romero de Estudios Diplomáticos | ||
| 245 | |a La Apertura de México al Pacífico / |c Instituto Matías Romero de Estudios Diplomáticos | ||
| 260 | |a México: |b Secretaría de Relaciones Exteriores | ||
| 300 | |a 162 p | ||
| 710 | |a comp | ||
| 999 | |c 1361 |d 1361 | ||
